Szczegóły MARC21

Der Sohn des Kreuzfahrers /

003 -Nazwa inst., której nr kontr. jest w polu 001 [,]
    • @
    • Nazwa instytucji, której n kontrolny jest w polu 001
    • NUKAT
005 -DATA I CZAS OSTATNIEJ MODYFIKACJI [,]
    • @
    • pole kontrolne
    • 20241231094548.0
020 -Międzynarod. znormalizowany nr książki - ISBN [ , ]
    • a
    • Numer ISBN
    • 3404147294 Find
040 -Instytucja sporządzająca opis [ , ]
    • a
    • Instytucja, która sporządziła opis (NP)
    • SZCZ U/KP
    • b
    • Język katalogowania
    • pol
    • e
    • Zasady katalogowania
    • rda
    • c
    • Instytucja, która sporządziła rekord (NP)
    • SZCZ U/KPs
041 -Język dokumentu [1, ]
    • a
    • Język tekstu (P)
    • niemiecki
    • h
    • Język tekstu oryginalnego i/lub pośredniego (P)
    • angielski
942 -Rodzaj dokumentu [ , ]
    • c
    • Rodzaj dokumentu
    • Książka
100 -Hasło główne - nazwa osobowa [1, ]
    • a
    • Nazwa osobowa (NP)
    • Lawhead, Stephen
    • d
    • Daty biograficzne (NP)
    • (1950- ).
    • e
    • Rodzaj współpracy
    • Autor
    • 9
    • KHW
    • 446264
245 -Strefa tytułu i oznaczenia odpowiedzialności [1,4]
    • a
    • Tytuł
    • Der Sohn des Kreuzfahrers / Find
    • c
    • Pozostałe elementy strefy tytułu i oznaczenia odpowiedzialności (NP)
    • Stephen Lawhead ; ins Deutsche übertragen von Rainer Schumacher.
250 -Strefa wydania [ , ]
    • a
    • Oznaczenie wydania (NP)
    • 4. Auflage.
260 -Strefa adresu wydawniczego [ , ]
    • a
    • Miejsce wydania (P)
    • Bergisch Gladbach :
    • b
    • Nazwa wydawcy (P)
    • Bastei Lubbe,
    • c
    • Data wydania (P)
    • 2002.
300 -Strefa opisu fizycznego [ , ]
    • a
    • Określenie formy książki i/lub objętość (NP)
    • 716, [3] strony :
    • b
    • Oznaczenie ilustracji (NP)
    • ilustracje ;
    • c
    • Format (NP)
    • 19 cm.
336 -Typ zawartości [ , ]
    • a
    • Termin opisujący typ zawartości
    • Tekst
    • b
    • Kod określający zawartość
    • txt
    • 2
    • Źródło (terminu i kodu)
    • rdacontent
337 -Typ mediów [ , ]
    • a
    • Tryb odtwarzania
    • Bez urządzenia pośredniczącego
    • b
    • Kod typu mediów
    • n
    • 2
    • Źródło (terminu i kodu)
    • rdamedia
338 -Typ/rodzaj nośnika [ , ]
    • a
    • Hasło opisujące typ nośnika
    • Wolumin
    • b
    • Kod typu nośnika
    • nc
    • 2
    • Źródło (terminu i kodu)
    • rdacarrier
490 -Strefa serii i książki wielotomowej - forma nie do wyszukiwania [1, ]
    • a
    • Tytuł (P)
    • Bastei Lübbe Taschenbuch ; Find
    • v
    • Numeracja (P)
    • Band 14 729
830 -Hasło dodatkowe serii i opisu książki wielotomowej - tytuł ujednolicony/tytuł [ ,0]
    • a
    • Tytuł ujednolicony/tytuł (NP)
    • Bastei-Lübbe Taschenbuch
    • v
    • Oznaczenie tomu (NP)
    • Band 14 729
    • 9
    • KHW
    • 445998
500 -Uwaga ogólna [ , ]
    • a
    • Uwaga ogólna (NP)
    • Na okładce: Historischer Roman.
655 -Hasło w funkcji tematu formalnego [ ,7]
    • a
    • Hasło
    • Powieść historyczna angielska
    • y
    • Określnik chronologiczny
    • 1990-
    • v
    • Określnik formy
    • tłumaczenia niemieckie.
    • 2
    • Źródło terminu
    • kaba
    • 9
    • KHW
    • 446169
700 -Hasło dodatkowe - nazwa osobowa [1, ]
    • a
    • Nazwa osobowa (NP)
    • Schumacher, Rainer. Find
    • e
    • Określenie rodzaju współpracy
    • Tłumaczenie
    • 9
    • KHW
    • 446265
710 -Hasło dodatkowe - nazwa ciała zbiorowego [2, ]
    • a
    • Nazwa ciała zbiorowego lub nazwa geograficzna jako pierwszy element (NP)
    • Verlagsgruppe Lübbe.
    • e
    • Rodzaj współpracy
    • Wydawca
    • 4
    • Kod relacji
    • pbl
    • 9
    • KHW
    • 593353
920 -ISBN [ , ]
    • a
    • ISBN
    • 3-404-14729-4 Find
Status udost. Numer inwentarzowy Data inwentaryzacji Lokalizacja Sygnatura
-3BC.95232017-12-22BMGerm. Literatura angielska